Library Banner

Tablighi nisab/ (Record no. 99147)

MARC details
000 -LEADER
fixed length control field 00396nam a22001457a 4500
005 - DATE AND TIME OF LATEST TRANSACTION
control field 20171012150052.0
008 - FIXED-LENGTH DATA ELEMENTS--GENERAL INFORMATION
fixed length control field 171012b xxu||||| |||| 00| 0 eng d
040 ## - CATALOGING SOURCE
Transcribing agency PK-LaUMT
082 ## - DEWEY DECIMAL CLASSIFICATION NUMBER
Classification number PKAC 297.74071
Item number ZIK-T
100 ## - MAIN ENTRY--PERSONAL NAME
Personal name Zikaria , Muhammad
245 ## - TITLE STATEMENT
Title Tablighi nisab/
Statement of responsibility, etc Muhammad Zikaria
260 ## - PUBLICATION, DISTRIBUTION, ETC. (IMPRINT)
Place of publication, distribution, etc دہلی:
Name of publisher, distributor, etc عطا الرحمن شروانی،
Date of publication, distribution, etc 1977
300 ## - PHYSICAL DESCRIPTION
Extent 231 ص
942 ## - ADDED ENTRY ELEMENTS (KOHA)
Koha item type Books
Holdings
Withdrawn status Lost status Damaged status Home library Current library Date acquired Full call number Barcode Date last seen Price effective from Koha item type
      UMT Main Campus UMT Main Campus 2017-10-12 PKAC 297.74071 ZIK-T 114954 2017-10-12 2017-10-12 Books